| 000 | 01451nam2a2200265 4500 | ||
|---|---|---|---|
| 001 | RU\NLR\BIBL_A\012467176 | ||
| 005 | 20250624042451.0 | ||
| 010 |
_a978-5-89877-279-6 _9250 |
||
| 035 | _a(NLR Aleph) 012467176 | ||
| 090 |
_a12057089 _c12057089 |
||
| 100 | _a20210304d2020 |||y0rusy50 ca | ||
| 101 | 0 | _arus | |
| 102 | _aRU | ||
| 105 | _aac z 000yy | ||
| 200 | 1 | _aСборник статей VII Всероссийской научно-практической конференции "Дединово - колыбель отечественного флота" (с. Дединово, 16 мая 2019 г.) | |
| 210 |
_d2020 _aБ. м. |
||
| 215 |
_a184 _cил., портр. _d20 |
||
| 320 | _aБиблиогр. в подстроч. примеч. | ||
| 461 | 0 |
_1001RU\NLR\BIBL_A\012411348 _12001#$aДединовский сборник$fГОУ ВО МО "Гос. соц.-гуманит. ун-т"$vВып. 3 _911777542 _cРязань _d2020 - _fГОУ ВО МО "Гос. соц.-гуманит. ун-т" _nРусское слово _tДединовский сборник _vВып. 3 |
|
| 710 | 1 | 2 |
_a"Дединово - колыбель отечественного флота", всероссийская научно-практическая конференция _d7 _eс. Дединово, Московская обл. _f2019 _9738642 _3RU\NLR\AUTH\880537658 |
| 852 |
_aNLR _jП22/10125 |
||
| 942 | _cISSUE | ||
| 980 | _aNB | ||
| 980 | _aRUSPER | ||